书目信息 |
| 题名: |
招商定输赢
|
|
| 作者: | 蒋珺 , 姜新国 编著 | |
| 分册: | ||
| 出版信息: | 北京 中国建筑工业出版社 2011.02 |
|
| 页数: | 221页 | |
| 开本: | 23cm | |
| 丛书名: | 中国商业地产博览会推荐读本 | |
| 单 册: | ||
| 中图分类: | F293.3 | |
| 科图分类: | ||
| 主题词: | 城市商业--cheng shi shang ye--房地产--市场营销学--教材 | |
| 电子资源: | ||
| ISBN: | 978-7-112-12899-0 | |
| 000 | 01166nam 2200301 450 | |
| 001 | B20110022967 | |
| 005 | 20110712144553.70 | |
| 010 | @a978-7-112-12899-0@dCNY38.00 | |
| 100 | @a20110331d2011 km y0chiy50 ea | |
| 101 | 0 | @achi |
| 102 | @aCN@b110000 | |
| 105 | @ak z 000yy | |
| 106 | @ar | |
| 200 | 1 | @a招商定输赢@Azhao shang ding shu ying@e商业地产招商实用教程@f蒋珺, 姜新国编著 |
| 210 | @a北京@c中国建筑工业出版社@d2011.02 | |
| 215 | @a221页@d23cm | |
| 225 | 2 | @a中国商业地产博览会推荐读本@Azhong guo shang ye de chan bo lan hui tui jian du ben |
| 330 | @a内容简介:本书观点、方法、工具、引用实战的范例、实用的商业企业名录一应俱全。 | |
| 333 | @a对从事房地产、商业地产、商业行业人士均有很强的参考和实用价值,是招商人员的必读必备书目,也可作为商业地产行业的专业教材。 | |
| 410 | 0 | @12001 @a中国商业地产博览会推荐读本 |
| 517 | 1 | @a商业地产招商实用教程@Ashang ye de chan zhao shang shi yong jiao cheng |
| 586 | @a | |
| 606 | 0 | @a城市商业@Acheng shi shang ye@x房地产@x市场营销学@j教材 |
| 690 | @aF293.3@v5 | |
| 701 | 0 | @a蒋珺@Ajiang jun@4编著 |
| 701 | 0 | @a姜新国@Ajiang xin guo@4编著 |
| 801 | 0 | @aCN@c20110610 |
| 905 | @dF293.3@eJ565@f3 | |
| 招商定输赢:商业地产招商实用教程/蒋珺, 姜新国编著.-北京:中国建筑工业出版社,2011.02 |
| 221页;23cm.-(中国商业地产博览会推荐读本) |
| 使用对象:对从事房地产、商业地产、商业行业人士均有很强的参考和实用价值,是招商人员的必读必备书目,也可作为商业地产行业的专业教材。 |
| ISBN 978-7-112-12899-0:CNY38.00 |
| 内容简介:本书观点、方法、工具、引用实战的范例、实用的商业企业名录一应俱全。 |
| ● |
| 相关链接 |
|
|
|
正题名:招商定输赢
索取号:F293.3/J565
 
预约/预借
| 序号 | 登录号 | 条形码 | 馆藏地/架位号 | 状态 | 备注 |
| 1 | 882910 | 208829106 | 社科库409/409社科库 107排2列4层/ [索取号:F293.3/J565] | 在馆 | |
| 2 | 882911 | 208829115 | 社科库409/409社科库 107排2列4层/ [索取号:F293.3/J565] | 在馆 | |
| 3 | 882912 | 208829124 | 社科库409/409社科库 107排2列4层/ [索取号:F293.3/J565] | 在馆 |